| 000 | 00509nam a2200181 i 4500 | ||
|---|---|---|---|
| 001 | 116141 | ||
| 003 | ES-MaACL | ||
| 005 | 20230906190638.0 | ||
| 007 | t| | ||
| 008 | 061121s1965 sp |||| | spa d | ||
| 245 | 0 | 0 |
_aPatología general / _cdirectores, A. Balcells Gorina ... [et al.]. |
| 250 | _a1ª ed. | ||
| 260 |
_aBarcelona : _bToray, _c1965. |
||
| 300 |
_aXXXII, 1758 p. : _bil. ; _c26 cm. |
||
| 650 | 0 | 4 |
_aPatología. _915884 |
| 700 | 1 |
_aBalcells Gorina, A. _924868 |
|
| 852 |
_aES-MaACL _jC-27999 |
||
| 999 |
_c116141 _d116141 |
||